La evaluación de los alumnos en educación secundaria.

Gardado en:
Detalles Bibliográficos
Autor Principal: Moreno Olivos, Tiburcio (autor)
Formato: Libro
Idioma:Lingua castelá
Series:(Reseñas de investigación en educación básica; 15)
Temas:
Etiquetas: Engadir etiqueta
Sen Etiquetas, Sexa o primeiro en etiquetar este rexistro!

MARC

LEADER 00000nam^a2200000^u^4500
001 000504746
005 20250521000000.0
008 081015s1000^^^^^^^^^^^^r^^^^^000^0^spa^d
009 20260526151157.77
022 |a 978970570083 
035 |a FCE 000048951 
037 |a Acervo ITESO - Biblioteca 
041 |a spa 
082 0 4 |a 370.11072  |b RESe 15 
100 |a Moreno Olivos, Tiburcio  |e (autor) 
245 1 0 |a La evaluación de los alumnos en educación secundaria. 
246 2 |a También se conoce como Programa de fomento a la investigación educativa. 
264 |a México:  |b SEP: CONACyT,  |c 2007. 
300 |a 30 p. 
336 |a texto  |b txt  |2 rdacontenido 
337 |a sin mediación  |b n  |2 rdamedio 
338 |a volumen  |b nc  |2 rdasoporte 
440 1 |a (Reseñas de investigación en educación básica; 15) 
649 |a XX 
650 |a Educación básica 
650 |a Metodología 
650 |a Evaluación educativa 
650 |a Investigación educativa 
910 |a Fondo Centro de Estudios Educativos 
920 |a Impresos - Libros 
930 |a Fondos Especiales 
905 |a 133 
901 |a ALE064401  |b IT2  |c CEE  |u 20250521 
902 |a https://opac.biblio.iteso.mx/vufind/Record/000504746